Ηλεκτρονικές υπηρεσίες διοίκησης ανθρωπίνων πόρων και η χρήση τους στη διαχείριση οργανωσιακών αλλαγών : διπλωματική εργασία
Αποθηκεύτηκε σε:
| Κύριος συγγραφέας: | |
|---|---|
| Συγγραφή απο Οργανισμό/Αρχή: | |
| Άλλοι συγγραφείς: | , |
| Μορφή: | Thesis Βιβλίο |
| Γλώσσα: | Greek |
| Δημοσίευση: |
2007
|
| Θέματα: | |
| Διαθέσιμο Online: | http://hdl.handle.net/11610/13377 |
| Ετικέτες: |
Προσθήκη ετικέτας
Δεν υπάρχουν, Καταχωρήστε ετικέτα πρώτοι!
|
MARC
| LEADER | 00000cam a2200000 i 4500 | ||
|---|---|---|---|
| 001 | 1/56056 | ||
| 008 | 070925s2007 gre d | ||
| 035 | |l 10091035 | ||
| 040 | |a GR-MY-UA |b gre |e aacr | ||
| 041 | 0 | |a gre | |
| 082 | 0 | |a 658.406 |2 (22) | |
| 100 | 1 | |a Θεσσαλονικεύς, Ελευθερία - Αγγελική. | |
| 245 | 1 | 0 | |a Ηλεκτρονικές υπηρεσίες διοίκησης ανθρωπίνων πόρων και η χρήση τους στη διαχείριση οργανωσιακών αλλαγών : |b διπλωματική εργασία / |c Θεσσαλονικεύς Ελευθερία - Αγγελική ; επιβλέπων καθηγητής Κούτσικος Κωνσταντίνος ; βαθμολογητής β' Κυριακίδου Ολύβια |
| 260 | |c 2007 | ||
| 300 | |a [120 σ.]; |b σχ.; |c 30 εκ. | ||
| 502 | # | # | |a Διατριβή (μεταπτυχιακή) – Πανεπιστήμιο Αιγαίου, Χίος, 2007. |
| 504 | |a Περιλαμβάνει βιβλιογραφία | ||
| 610 | 2 | 0 | |a Πανεπιστήμιο Αιγαίου. |
| 650 | 0 | 0 | |a Personnel management. |
| 650 | 0 | 0 | |a Organizational change. |
| 650 | 0 | 0 | |a Electronics. |
| 650 | 0 | 0 | |a Dissertations, Academic |z Greece. |
| 700 | 1 | |a Κούτσικος, Κωνσταντίνος. |4 ths | |
| 700 | 1 | |a Κυριακίδου, Ολίβια, |d 1972- |4 ths | |
| 710 | 1 | |a Πανεπιστήμιο Αιγαίου |b Σχολή Επιστημών της Διοίκησης |b Τμήμα Διοίκησης Επιχειρήσεων |b Πρόγραμμα Μεταπτυχιακών Σπουδών στη Διοίκηση Επιχειρήσεων - M.B.A. | |
| 852 | |a INST |b CHIOS |c DIATR |e 20070925 |h 658.406 ΘΕΣ |p 005200028838 |q 005200028838 |t MTXE |y 23 | ||
| 852 | |a INST |b CHIOS |c DIATR |e 20070925 |h 658.406 ΘΕΣ |p 005200028839 |q 005200028839 |t MTXE |y 23 | ||
| 856 | |u http://hdl.handle.net/11610/13377 | ||
| 901 | |a BIBL2-2007-3 | ||
| 909 | |a Χ |b 131251 | ||
| 909 | |a Χ |b 131254 | ||
| 924 | |a ΘΕΣΣΑΛΟΝΙΚΕΥΣ |b ΕΛΕΥΘΕΡΙΑ - ΑΓΓΕΛΙΚΗ |y ΧΙΟΣ |z 2007-09 | ||
| 970 | |a ΒΑΣΙΛΑΚΗ |b ΝΙΚΗ |z 2007/09/25 | ||